000 00665nam a2200229Ia 4500
003 OSt
005 20221006165145.0
006 a|||||r|||| 00| 0
007 ta
008 221006b |||||||| |||| 00| 0 hin d
024 _a3,772
037 _cTextual
040 _aFML
_cFML
_bhin
041 _2hin
_ahin
082 _aNS445, J, P1
100 _aKarn /nageshwar Lal Au.
_9679213
245 0 _aKathak Nritya ke Sath Tabla Sangati
_b Sanskaran - 1
260 _aNew Delhi
_bKanishka Publishers and Distributors
_c2001
300 _a227
_ccm.
942 _hNS445, J, P1
_cTEXL
_2CC
999 _c1119821
_d1119821